Animation 101

Αποθηκεύτηκε σε:
Λεπτομέρειες βιβλιογραφικής εγγραφής
Κύριος συγγραφέας: Pintoff, Ernest
Μορφή: Βιβλίο
Γλώσσα:English
Δημοσίευση: Studio City, CA : Michael Wiese Productions, 1998
Θέματα:
Ετικέτες: Προσθήκη ετικέτας
Δεν υπάρχουν, Καταχωρήστε ετικέτα πρώτοι!

MARC

LEADER 00000nam a2200000 i 4500
001 1/73221
008 050311s1998 eng d
020 |a 0-941188-68-X 
035 |l 10077037 
040 |a GR-MY-UA  |b gre  |e aacr 
041 0 |a eng 
082 0 |a 778.5347  |2 (21) 
100 1 |a Pintoff, Ernest. 
245 1 0 |a Animation 101 /  |c by Ernest Pintoff 
260 |a Studio City, CA :   |b Michael Wiese Productions,   |c 1998 
300 |a xiv, 163 σ.;  |b εικ.;  |c 23 εκ. 
504 |a Περιέχει βιβλιογραφικές παραπομπές και ευρετήριο 
650 0 0 |a Animation (Cinematography) 
852 |a INST  |b LESVOS  |e 20050311  |h 778.5347 PIN  |p 005100030092  |q 005100030092  |t BK  |y 0 
901 |a BIBL1-2005-1 
909 |a Λ  |b 113696 
920 |a ΔΙΕΥΡΥΝΣΗ  |b ΕΠΕΑΕΚ-ΠΤΕ  |y ΛΕΣΒΟΣ  |z 2004-10 
970 |a ΜΑΡΙΝΑΤΟΥ  |b ΜΥΡΣΙΝΗ  |z 2005/03/11